| Tag |
First Indicator |
Second Indicator |
Subfields |
| LEADER |
00000cam a2200000 4500 |
| 001 |
in00000610591 |
| 005 |
20151015050800.0 |
| 008 |
780920s1908 enkaf 00010 eng d |
| 035 |
|
|
|a (OCoLC)04240768
|
| 035 |
|
|
|9 ACT2170AM
|
| 040 |
|
|
|a TXA
|c TXA
|d UtOrBLW
|
| 049 |
|
|
|a TXAM
|c [1540011]
|
| 090 |
|
|
|a PR4564
|b .C45
|
| 100 |
1 |
|
|a Charles, Edwin.
|
| 245 |
1 |
0 |
|a Keys to the Drood mystery /
|c by Edwin Charles ; illustrated by Ernest Coffin.
|
| 264 |
|
1 |
|a London :
|b Collier,
|c 1908.
|
| 300 |
|
|
|a 161 pages, 8 unnumbered leaves of plates :
|b illustrations ;
|c 19 cm.
|
| 336 |
|
|
|a text
|b txt
|2 rdacontent
|
| 337 |
|
|
|a unmediated
|b n
|2 rdamedia
|
| 338 |
|
|
|a volume
|b nc
|2 rdacarrier
|
| 600 |
1 |
0 |
|a Dickens, Charles,
|d 1812-1870.
|t Mystery of Edwin Drood.
|
| 700 |
1 |
|
|a Dickens, Charles,
|d 1812-1870.
|t Mystery of Edwin Drood.
|
| 740 |
4 |
2 |
|a The mystery of Edwin Drood.
|
| 999 |
|
|
|a MARS
|
| 999 |
f |
f |
|s 63437fd2-ca18-3b31-bf69-aac7da35686d
|i 4b344e17-c810-3d86-8bf0-900beaf099e2
|t 0
|
| 952 |
f |
f |
|p ric
|a Texas A&M University
|b Rellis Campus
|c Joint Library Facility
|d Remote Storage
|t 0
|e PR4564 .C45
|h Library of Congress classification
|i unmediated -- volume
|m A14803952211
|
| 998 |
f |
f |
|a PR4564 .C45
|t 0
|l Remote Storage
|